مكتبة جامعة عجلون الوطنية

فهرس بحث المكتبة

Normal view MARC view
  • شرف،ليلى تقديم/مصاروة،كرم تقديم/صالح فخري،تحرير

Entry Personal Name

Number of records used in: 1

001 - CONTROL NUMBER

  • control field: 18868

003 - CONTROL NUMBER IDENTIFIER

  • control field: JO-AjAnu

005 - DATE AND TIME OF LATEST TRANSACTION

  • control field: 20230606073315.0

008 - FIXED-LENGTH DATA ELEMENTS

  • fixed length control field: 230606|| aca||aabn | a|a d

040 ## - CATALOGING SOURCE

  • Original cataloging agency: JO-AjAnu
  • Transcribing agency: JO-AjAnu

100 ## - HEADING--PERSONAL NAME

  • Personal name: شرف،ليلى تقديم/مصاروة،كرم تقديم/صالح فخري،تحرير

670 ## - SOURCE DATA FOUND

  • Source citation: Work cat.: (JO-AjAnu)9683: شرف،ليلى تقديم/مصاروة،كرم تقديم/صالح فخري،تحرير, author, المؤثرات الأجنبية في الشعر العربي المعاصر:الحلقة النقدية في مهرجان جرش الثالث عشر